Distributori di carburante in Italia - Statistics

Statistiche generali
  • Questo quiz è stato fatto 54 volte
  • Il punteggio medio è 8 su 35
Statistiche sulle risposte
Risposta % Corretto
Eni
89%
Eni Selfy
89%
Q8
89%
Q8easy
89%
Esso
74%
IP
67%
IP Matic
67%
Tamoil
67%
Tamoil PienOK
67%
Shell
43%
Enercoop
13%
B-Petrol
7%
Europam
7%
IS
7%
Vega
7%
Energyca
4%
Fiamma 2000
4%
Retitalia
4%
Al Risparmio
2%
B Carburanti
2%
Dill's
2%
Dis-Car
2%
Ecofuel
2%
Economy
2%
Isola Gas
2%
Kostner
2%
Noaloil
2%
Paganoni
2%
Smaf
2%
Centro Calor
0%
EH24
0%
Ltp
0%
Olicarb
0%
PM
0%
Top Station
0%
Nessun quiz corrispondente trovato
Distribuzione punteggi
Percentuale di utenti per punteggio
Percentile per numero di risposta
I tuoi punteggi nel tempo
Non hai fatto questo quiz